Eva Bednářová /

Korporativní autor: Památník národního písemnictví
Další autoři: Javůrek, Josef, 1929-2010, Šváb, Josef, Spolek českých bibliofilů
Jazyk: Čeština
Vydáno: [Praha : Památník národního písemnictví, 1974]
Témata:
Fyzický popis: [12] s. : il.
Knihy
Uloženo v:
LEADER 01583nam a22003732a 4500
001 001584716
003 CZ BrMZK
005 20171030123713.0
007 ta
008 170712s1974 xr er|||||||||||cze d
040 |a ABE310  |b cze  |d BOA001 
043 |a e-xr--- 
045 |a x-x- 
072 7 |a 74  |x Kresba. Umělecká řemesla  |2 Konspekt  |9 21 
080 |a 74/76.05  |2 MRF 
080 |a (437.3)  |2 MRF 
080 |a (083.824)  |2 MRF 
110 2 |a Památník národního písemnictví  |7 kn20010709087 
245 1 0 |a Eva Bednářová /  |c [Josef Javůrek, Josef Šváb] 
246 3 |a Výstava ilustrací Evy Bednářové 
260 |a [Praha :  |b Památník národního písemnictví,  |c 1974] 
300 |a [12] s. :  |b il. 
500 |a Pozvánka na výstavu : "Památník Národního písemnictví a Spolek českých bibliofilů dovolují si Vás pozvat na otevření výstavy ilustrací Evy Bednářové, která se koná ve čtvrtek 28. února 1974 v 17 hodin ve Filosofickém sále Strahovské knihovny PNP. - Výstava potrvá do 7. dubna 1974." 
600 1 7 |a Bednářová, Eva,  |d 1937-1986  |7 jk01011341  |2 czenas 
648 7 |a 20. století  |7 ch460558 
650 7 |a ilustrace  |z Česko  |y 20. století  |7 ph114755  |2 czenas 
655 7 |a katalogy výstav  |7 fd132536  |2 czenas 
700 1 |a Javůrek, Josef,  |d 1929-2010  |7 jx20041111016  |4 wfw 
700 1 |a Šváb, Josef  |4 wfw 
710 2 |a Spolek českých bibliofilů  |7 kn20020321198 
910 |a BOA001  |b X-0713.943 
990 |a BK 
991 |b 201707 
996 6 |b 2618900127  |c X-0713.943  |l MZK  |r Sklad / do 24 hodin  |n 0  |w 001619933  |u 000010  |a 1  |e BOA001  |j MZK50  |s P